Квантовая космология и проблема времени; Известия Томского политехнического университета [Известия ТПУ]; Т. 307, № 1
| Parent link: | Известия Томского политехнического университета [Известия ТПУ]/ Томский политехнический университет (ТПУ).— , 2000- Т. 307, № 1.— 2004.— [С. 9-14] |
|---|---|
| Hoofdauteur: | |
| Samenvatting: | Заглавие с титульного листа Электронная версия печатной публикации Работа посвящена исследованию проблемы введения переменной времени для различных космологических моделей Вселенной. Известно, что в силу масштабной инвариантности данные космологические модели являются системами со связями первого рода, что приводит к проблеме введения времени и к проблеме квантования. В данной работе показано, что учет уравнений связи Логунова обуславливает отличие от нуля гамильтониана, что позволяет решить проблему времени квантовой космологии вне рамок традиционных подходов решения этой проблемы. |
| Taal: | Russisch |
| Gepubliceerd in: |
2004
|
| Reeks: | Естественные науки |
| Onderwerpen: | |
| Online toegang: | http://www.lib.tpu.ru/fulltext/v/Bulletin_TPU/2004/v307/i1/02.pdf |
| Formaat: | Elektronisch Hoofdstuk |
| KOHA link: | https://koha.lib.tpu.ru/cgi-bin/koha/opac-detail.pl?biblionumber=168444 |
MARC
| LEADER | 00000nla2a2200000 4500 | ||
|---|---|---|---|
| 001 | 168444 | ||
| 005 | 20231220144418.0 | ||
| 035 | |a (RuTPU)RU\TPU\book\182756 | ||
| 035 | |a RU\TPU\book\182751 | ||
| 090 | |a 168444 | ||
| 100 | |a 20091028d2004 k y0rusy50 ca | ||
| 101 | 0 | |a rus | |
| 102 | |a RU | ||
| 135 | |a drnn ---uucaa | ||
| 181 | 0 | |a i | |
| 182 | 0 | |a b | |
| 200 | 1 | |a Квантовая космология и проблема времени |f В. В. Ласуков | |
| 203 | |a Текст |c электронный | ||
| 215 | |a 1 файл (496 Кб) | ||
| 225 | 1 | |a Естественные науки | |
| 300 | |a Заглавие с титульного листа | ||
| 300 | |a Электронная версия печатной публикации | ||
| 320 | |a [Библиогр.: с. 14 (16 назв.)] | ||
| 330 | |a Работа посвящена исследованию проблемы введения переменной времени для различных космологических моделей Вселенной. Известно, что в силу масштабной инвариантности данные космологические модели являются системами со связями первого рода, что приводит к проблеме введения времени и к проблеме квантования. В данной работе показано, что учет уравнений связи Логунова обуславливает отличие от нуля гамильтониана, что позволяет решить проблему времени квантовой космологии вне рамок традиционных подходов решения этой проблемы. | ||
| 337 | |a Adobe Reader | ||
| 461 | 1 | |0 (RuTPU)RU\TPU\book\176237 |t Известия Томского политехнического университета [Известия ТПУ] |f Томский политехнический университет (ТПУ) |d 2000- | |
| 463 | 1 | |0 (RuTPU)RU\TPU\book\182748 |t Т. 307, № 1 |v [С. 9-14] |d 2004 |p 203 с. | |
| 610 | 1 | |a квантовая космология | |
| 610 | 1 | |a переменная времени | |
| 610 | 1 | |a космологические модели | |
| 610 | 1 | |a Вселенная | |
| 610 | 1 | |a инвариантность | |
| 610 | 1 | |a системы | |
| 610 | 1 | |a квантование | |
| 610 | 1 | |a введение времени | |
| 610 | 1 | |a уравнения Логунова | |
| 610 | 1 | |a гамильтонианы | |
| 610 | 1 | |a время | |
| 610 | 1 | |a подходы | |
| 610 | 1 | |a труды учёных ТПУ | |
| 610 | 1 | |a электронный ресурс | |
| 700 | 1 | |a Ласуков |b В. В. |c математик |c доцент Томского политехнического университета, кандидат физико-математических наук |f 1954- |g Владимир Васильевич |3 (RuTPU)RU\TPU\pers\28144 |9 13102 | |
| 801 | 1 | |a RU |b 63413507 |c 20090623 |g PSBO | |
| 801 | 2 | |a RU |b 63413507 |c 20210527 |g PSBO | |
| 856 | 4 | |u http://www.lib.tpu.ru/fulltext/v/Bulletin_TPU/2004/v307/i1/02.pdf | |
| 942 | |c CF | ||